Movies By 1 Actor and 1 Actress - Comedy Edition - Statistics

General Stats
  • This quiz has been taken 29 times
  • The average score is 13 of 26
Answer Stats
Cast Movie % Correct
Bill Murray, Sigourney Weaver Ghostbusters
88%
Tom Hanks, Meg Ryan Sleepless in Seattle
80%
Jim Carrey, Cameron Diaz The Mask
80%
Adam Sandler, Drew Barrymore 50 First Dates
72%
Robin Williams, Sally Field Mrs. Doubtfire
72%
Tom Hanks, Meg Ryan You've Got Mail
72%
Meryl Streep, Pierce Brosnan Mamma Mia
68%
Jeff Bridges, Julianne Moore The Big Lebowski
68%
Will Ferrell, Zooey Deschanel Elf
60%
Marilyn Monroe, Jack Lemmon Some Like It Hot
60%
Jack Black, Joan Cusack School of Rock
56%
Michael Cera, Emma Stone Superbad
52%
Dustin Hoffman, Jessica Lange Tootsie
52%
Will Ferrell, Christina Applegate Anchorman
48%
Kevin James, Eva Mendes Hitch
40%
Jack Nicholson, Diane Keaton Something's Gotta Give
40%
Ansel Elgort, Lily James Baby Driver
36%
Eddie Murphy, Halle Berry Boomerang
36%
Adam Sandler, Jennifer Aniston Murder Mystery
36%
Bill Murray, Karen Allen Scrooged
36%
Jim Carrey, Zooey Deschanel Yes Man
36%
Margot Robbie, Bryan Cranston Asteroid City
20%
Bruce Willis, Frances McDormand Moonrise Kingdom
20%
Seth Rogen, Leslie Mann Funny People
16%
Rachel McAdams, Harrison Ford Morning Glory
16%
Chris Rock, Rosario Dawson Top Five
16%
No matching quizzes found
Score Distribution
Percent of People with Each Score
Percentile by Number Answered
Your Score History
You have not taken this quiz